000 01086nam a2200313 i 4500
003 EG-GICUC
005 20260418101632.0
008 260418s1923 fr fr|||| 000 0 fre d
040 _aEG-GiCUC
_bfre
_cEG-GiCUC
_dEG-GiCUC
_eRda
041 0 _afre
082 0 4 _221
_a343.85
_bHE . L
092 0 4 _221
099 _aLAW1 10 343.85 HE . L 1 ed - 1923
100 1 _a VERGER.HENRI
_eAuteur
245 1 0 _aL'évolution Des Idées Médicales Sur La Responsabilité Des Délinquants/
_cHenri Verger.
264 _aParis :
_bErnest Flammarion, Éditeur,
_c1923.
300 _a250 page ;
_c 24 cm.
336 _2rda contenu
_a texte
337 _2rda medias
_aOrdinateur
338 _2 transporteur rda
_a Ressource en ligne
500 _aProfesseur De Médecine Légale A L'université De Bordeaux Médecin Des Hôpitaux
546 _aTexte en français
650 1 4 _aMédecine Légale
_2qrmak
651 1 _2qrmak
710 _aBibliothèque Des Connaissances Médicales
856 4 0 _uhttps://fll.law.cu.edu.eg/fulltext/bks/B10-00531.pdf
905 _a171
942 _2ddc
_cBK
_e21
_n0
999 _c71611
_d71611